000 00468nam a2200169 4500
001 12692
005 20230410105413.0
008 060907n1967 dr spa
035 _9funglode12792
041 _aEN
050 1 4 _aHB 801 D853i 1967
100 _aDuesenberry, S. James
245 1 _aIncome saving and the theory of consumer behavior /
_cJames S. Duesenberry
260 _aNew York :
_bA Galaxy Book,
_c1967
300 _a128 p.
942 _2lcc
_cbk
999 _c36001
_d36001